DATA analytics :concepts, techniques and applications

Gespeichert in:
Bibliographische Detailangaben
Format: Buch
Sprache:Englisch
Veröffentlicht: CRC Press 2019
Tags: Tag hinzufügen
Keine Tags, Fügen Sie den ersten Tag hinzu!

MARC

LEADER 00000nam a22000007a 4500
008 240912b |||||||| |||| 00| 0 eng d
020 |a 9781138500815 
245 |a DATA analytics  |b :concepts, techniques and applications  |c /edited by Mohiuddin Ahmed, Al-Sakib Khan Pathan  |g xiii,425p.;ill 
250 |c Ahmed, Moohiuddin 
250 |c Pathan, Al-Sakib Khan 
260 |b CRC Press  |c 2019  |h Boca Raton, FL  |i 700184  |i 700185  |l QA76.9.Q36D26  |m Quantitative research  |m Big data 
500 |a it includes references and index 
942 |a lcc  |c BK  |e Johnson  |f 12/09/24 
952 |0 0  |1 0  |2 lcc  |4 0  |6 QA00769 Q36 D26  |7 0  |9 5569  |a SL  |b HOL  |c QZ  |d 2024-09-12  |l 0  |o QA76.9.Q36D26  |p 2024-0808  |r 2024-09-12 00:00:00  |t 700184  |w 2024-09-12  |y BK 
952 |0 0  |1 0  |2 lcc  |4 0  |6 QA00769 Q36 D26  |7 0  |9 5570  |a HOL  |b HOL  |c QZ  |d 2024-09-12  |l 0  |o QA76.9.Q36D26  |p 2024-0809  |r 2024-09-12 00:00:00  |t 700185  |w 2024-09-12  |y BK 
999 |c 2748  |d 2748